Remember Me : (Record no. 4485)
[ view plain ]
| 000 -LEADER | |
|---|---|
| fixed length control field | 01112nam a22002657a 4500 |
| 001 - CONTROL NUMBER | |
| control field | 4485 |
| 003 - CONTROL NUMBER IDENTIFIER | |
| control field | FISKH |
| 005 - DATE AND TIME OF LATEST TRANSACTION | |
| control field | 20250814145031.0 |
| 008 - FIXED-LENGTH DATA ELEMENTS--GENERAL INFORMATION | |
| fixed length control field | 240912b cb ||||| |||| 00| 0 eng d |
| 020 ## - INTERNATIONAL STANDARD BOOK NUMBER | |
| International Standard Book Number | 9780545601610 |
| 040 ## - CATALOGING SOURCE | |
| Original cataloging agency | FISKH |
| Language of cataloging | eng |
| Transcribing agency | FISKH |
| Modifying agency | FISKH |
| 050 ## - LIBRARY OF CONGRESS CALL NUMBER | |
| Classification number | PZ7.S685254 |
| 100 ## - MAIN ENTRY--PERSONAL NAME | |
| Personal name | Soctomah, Donald |
| Relator term | author |
| 245 ## - TITLE STATEMENT | |
| Title | Remember Me : |
| Remainder of title | Tomah Joseph's Gift to Franklin Roosevelt / |
| Statement of responsibility, etc. | by Donald Soctomah and Jean Flahive : illustrated by Mary Beth Owens |
| 260 ## - PUBLICATION, DISTRIBUTION, ETC. | |
| Place of publication, distribution, etc. | New York : |
| Name of publisher, distributor, etc. | Scholastic ; |
| Date of publication, distribution, etc. | 2009. |
| 300 ## - PHYSICAL DESCRIPTION | |
| Extent | 30 unnumbered pages : |
| Other physical details | color illustrations; |
| Dimensions | 26 cm . |
| 505 ## - FORMATTED CONTENTS NOTE | |
| Formatted contents note | U <br/> |
| 520 ## - SUMMARY, ETC. | |
| Summary, etc. | Spending his childhood summers on Campobello Island, young Franklin Delano Roosevelt learns how to canoe from Tomah Joseph, a respected fishing and canoe guide, basketmaker and canoe-builder, and former chief of his tribe, who also teaches Franklin about the Passamaquoddy culture. |
| 521 8# - TARGET AUDIENCE NOTE | |
| Target audience note | 820 <br/> |
| Source | Lexile NC <br/> |
| 521 8# - TARGET AUDIENCE NOTE | |
| Target audience note | U <br/> |
| Source | Raz-Plus <br/> |
| 650 ## - SUBJECT ADDED ENTRY--TOPICAL TERM | |
| Topical term or geographic name entry element | diversity |
| Form subdivision | historical fiction |
| 700 ## - ADDED ENTRY--PERSONAL NAME | |
| Personal name | Owens, Mary Beth |
| Relator term | illustrator |
| 942 ## - ADDED ENTRY ELEMENTS (KOHA) | |
| Source of classification or shelving scheme | Dewey Decimal Classification |
| Koha item type | Books |
| Suppress in OPAC | No |
| Withdrawn status | Lost status | Source of classification or shelving scheme | Damaged status | Not for loan | Collection | Home library | Current library | Shelving location | Date acquired | Total Checkouts | Full call number | Barcode | Date last seen | Price effective from | Koha item type | Copy number |
|---|---|---|---|---|---|---|---|---|---|---|---|---|---|---|---|---|
| Dewey Decimal Classification | Juvenile Fiction | Footprints International School Library Network Toul Kork Campus | Footprints International School Library Network Toul Kork Campus | A TK Campus, 4th Floor, Room B401, Fiction Bookcases (1-6) | 12/10/2024 | SOC PZ7.S685254 | FISTK04991 | 12/10/2024 | 12/10/2024 | Books | 2 | |||||
| Dewey Decimal Classification | Juvenile Fiction | Footprints International School Library Network Toul Tom Poung Campus | Footprints International School Library Network Toul Tom Poung Campus | TTP Secondary Fiction Bookshelves | 09/12/2024 | SOC PZ7.S685254 | FIS05635 | 09/12/2024 | 09/12/2024 | Books | ||||||
| Dewey Decimal Classification | Juvenile Fiction | Footprints International School Library Network Toul Tom Poung Campus | Footprints International School Library Network Toul Tom Poung Campus | TTP Secondary Fiction Bookshelves | 08/14/2025 | SOC PZ7.S685254 | FISSE01212 | 08/14/2025 | 08/14/2025 | Books | 3 |
